000 01076nam a2200253 i 4500
001 12096
003 ES-MaACL
005 20250930063033.0
007 t|
008 970408s1992 sp a |||| | spa d
020 _a84-87096-06-9
080 _a972"1519/21"
100 0 _aSolís, Antonio de,
_d1610-1686
_9107210
245 1 0 _aHistoria de la conquista de México
_b: población y progresos de la América septentrional, conocida por el nombre de Nueva España /
_cescrivióla Antonio de Solis.
250 _aNueva ed. enriquecida con diversas estampas y aum. con la vida del autor que escribió Juan de Goyeneche.
260 _a[Salamanca] :
_bServicio Histórico Militar,
_c[1992]
300 _a604 p. :
_bil. ;
_c33 cm.
534 _pReprod. de la ed. de:
_cBruselas : Francisco Foppens, 1704.
651 4 _aMéxico-
_xHistoria-
_y1517-1521, Descubrimiento y conquista.
_9136484
700 1 _aGoyeneche, Juan de,
_dca. 1656-1735
_959413
710 1 _aEspaña.
_bServicio Histórico Militar.
_93980
852 _aES-MaACL
_jL-19403
999 _c12096
_d12096